[Event "Titled Tuesday intern op 13th Feb Early"]
[Site "Chess.com INT"]
[Date "2024.02.13"]
[Round "1"]
[White "Kostiukov, Alexandr"]
[Black "Chen, Justin"]
[Result "0-1"]
[WhiteElo "2271"]
[BlackElo "2371"]
[PlyCount "96"]
[EventDate "2024.02.13"]
[EventType "swiss (blitz)"]
[EventRounds "11"]
[EventCountry "USA"]
[SourceTitle "CB08_2024"]
[SourceDate "2024.02.21"]
[SourceVersion "1"]
[SourceVersionDate "2024.02.21"]
[SourceQuality "1"]

1. g3 e5 2. Bg2 d5 3. c4 Nf6 4. cxd5 Nxd5 5. Nc3 Nb6 6. Nf3 Nc6 7. 0-0 Be7 8. a4 a5 9. d3 0-0 10. Be3 Re8 11. d4 Nc4 12. dxe5 Nxe3 13. fxe3 Bc5 14. Nd5 Be6 15. Nf4 Bxe3+ 16. Kh1 Bc4 17. Qc2 Be6 18. Rad1 Qe7 19. Qe4 Bb6 20. e3 Rad8 21. Nd4 Bc4 22. Nxc6 bxc6 23. Rxd8 Qxd8 24. Qxc4 Rxe5 25. Ng6 hxg6 26. Qxf7+ Kh7 27. h4 Bxe3 28. Bxc6 Qe7 29. Bg2 Qxf7 30. Rxf7 Bb6 31. b3 Re3 32. Bd5 Rxg3 33. Rf4 Rg1+ 34. Kh2 Rd1 35. Bc4 Rd2+ 36. Kh3 Bd4 37. Kg4 Be5 38. Re4 Bf6 39. Kf3 Rh2 40. Kg3 Rh1 41. Rg4 Rg1+ 42. Kf3 Rc1 43. Bd3 Rc3 44. Ke2 Rxb3 45. Bxg6+ Kg8 46. Be4 Kf8 47. Bd5 Rb2+ 48. Kd3 Rh2 0-1

[Event "New York Marshall Labor Day GM"]
[Site "New York"]
[Date "2023.09.04"]
[Round "9"]
[White "Chen, Justin"]
[Black "Ilhomzoda, I."]
[Result "1/2-1/2"]
[WhiteElo "2376"]
[BlackElo "2269"]
[PlyCount "53"]
[EventDate "2023.08.31"]
[EventType "tourn"]
[EventRounds "9"]
[EventCountry "USA"]
[EventCategory "6"]
[SourceTitle "EXT 2024"]
[Source "ChessBase"]
[SourceDate "2023.10.10"]
[SourceVersion "1"]
[SourceVersionDate "2023.10.10"]
[SourceQuality "1"]

1. d4 d5 2. c4 c6 3. Nf3 Nf6 4. e3 e6 5. Nbd2 Nbd7 6. Bd3 Be7 7. 0-0 0-0 8. Qe2 b6 9. e4 dxe4 10. Nxe4 c5 11. dxc5 Nxc5 12. Nxc5 Bxc5 13. Bg5 Bb7 14. Rad1 Qc7 15. Ne5 Be7 16. Bxf6 Bxf6 17. Nd7 Qc6 18. Qg4 Bxb2 19. Nxf8 Rxf8 20. Rfe1 f5 21. Qh3 e5 22. Be2 Bd4 23. Bf3 Qc7 24. Bxb7 Qxb7 25. Qf3 Qxf3 26. gxf3 g5 27. Kg2 1/2-1/2

[Event "Titled Tuesday intern op 29th Aug Early"]
[Site "Chess.com INT"]
[Date "2023.08.29"]
[Round "1"]
[White "Chen, Justin"]
[Black "Korol, Dimitry"]
[Result "0-1"]
[WhiteElo "2376"]
[BlackElo "2287"]
[PlyCount "164"]
[EventDate "2023.08.29"]
[EventType "swiss (blitz)"]
[EventRounds "11"]
[EventCountry "USA"]
[SourceTitle "EXT 2024"]
[Source "ChessBase"]
[SourceDate "2023.10.10"]
[SourceVersion "1"]
[SourceVersionDate "2023.10.10"]
[SourceQuality "1"]

1. Nf3 c5 2. c3 g6 3. d4 Bg7 4. dxc5 a5 5. e4 Na6 6. Be3 Nf6 7. Nbd2 Ng4 8. Bf4 Nxc5 9. Bc4 0-0 10. 0-0 d6 11. Qe2 Be6 12. Rad1 Qb6 13. h3 Nf6 14. Nd4 Bxc4 15. Nxc4 Qa6 16. e5 dxe5 17. Bxe5 Rfd8 18. Nf3 h6 19. Rfe1 Rac8 20. Bd4 Ne6 21. Nce5 Qxe2 22. Rxe2 Nxd4 23. Nxd4 e6 24. Rde1 Nd5 25. g3 h5 26. Nef3 a4 27. a3 Nb6 28. Kg2 Nc4 29. g4 Rd5 30. Kg3 b5 31. Rb1 Rb8 32. Nc2 Rc5 33. Ne3 Nxe3 34. Rxe3 Bf6 35. Re2 Kg7 36. Rd1 hxg4 37. hxg4 Rb7 38. Red2 Rcc7 39. Rd3 g5 40. Nd2 Kg6 41. Kg2 Be7 42. Nf3 Bf6 43. Rd6 Rc4 44. Kh3 Rf4 45. Kg3 Rc7 46. Rh1 Rcc4 47. Nh2 Be5 48. Rb6 Rxg4+ 49. Kf3 Rh4 50. Kg2 Bxh2 51. Rxh2 Rcg4+ 52. Kh1 Rxh2+ 53. Kxh2 Rf4 54. Kg3 Rf5 55. Rb7 Rd5 56. Rb6 Kf6 57. Kf3 Kf5 58. Rb7 f6 59. Rb8 g4+ 60. Ke2 Re5+ 61. Kf1 Kf4 62. Rd8 f5 63. Rd4+ Re4 64. Rd6 e5 65. Rd5 g3 66. fxg3+ Kxg3 67. Rxb5 f4 68. Rb4 Re3 69. Rxa4 f3 70. Ra8 Rd3 71. Rg8+ Kf4 72. Ke1 Ke3 73. Rf8 e4 74. a4 Rd2 75. Re8 Rxb2 76. Kd1 f2 77. Kc1 Ra2 78. Kb1 Re2 79. Rf8 Re1+ 80. Kc2 f1Q 81. Rxf1 Rxf1 82. Kb3 Rf8 0-1

[Event "Titled Tuesday intern op 18th Jul Late"]
[Site "Chess.com INT"]
[Date "2023.07.18"]
[Round "3"]
[White "Chen, Justin"]
[Black "Sztokbant, Bernardo Vainzoff"]
[Result "1-0"]
[WhiteElo "2375"]
[BlackElo "2213"]
[PlyCount "49"]
[EventDate "2023.07.18"]
[EventType "swiss (blitz)"]
[EventRounds "11"]
[EventCountry "USA"]
[SourceTitle "EXT 2024"]
[Source "ChessBase"]
[SourceDate "2023.10.10"]
[SourceVersion "1"]
[SourceVersionDate "2023.10.10"]
[SourceQuality "1"]

1. d4 f5 2. g4 fxg4 3. e4 d5 4. Nc3 dxe4 5. Bc4 Nf6 6. Nge2 Nc6 7. Bf4 e6 8. Qd2 Bb4 9. h3 gxh3 10. Qe3 Qe7 11. 0-0-0 Bd6 12. Nxe4 Nxe4 13. Qxe4 Bd7 14. Rdg1 Bxf4+ 15. Nxf4 0-0-0 16. Nxe6 Bxe6 17. Qxe6+ Qxe6 18. Bxe6+ Kb8 19. d5 Nd4 20. Rxg7 Rhf8 21. Rh2 c6 22. c3 Nf3 23. Rxh3 cxd5 24. Rhxh7 Ka8 25. Rxb7 1-0

[Event "Titled Tuesday intern op 18th Jul Early"]
[Site "Chess.com INT"]
[Date "2023.07.18"]
[Round "4"]
[White "Glavina, Pablo"]
[Black "Chen, Justin"]
[Result "1-0"]
[WhiteElo "2415"]
[BlackElo "2375"]
[PlyCount "83"]
[EventDate "2023.07.18"]
[EventType "swiss (blitz)"]
[EventRounds "11"]
[EventCountry "USA"]
[SourceTitle "EXT 2024"]
[Source "ChessBase"]
[SourceDate "2023.10.10"]
[SourceVersion "1"]
[SourceVersionDate "2023.10.10"]
[SourceQuality "1"]

1. c4 e5 2. Nc3 Nf6 3. Nf3 e4 4. Ng5 c6 5. Ngxe4 Nxe4 6. Nxe4 d5 7. cxd5 cxd5 8. Ng3 h5 9. e3 h4 10. Ne2 Nc6 11. d4 Qf6 12. Nf4 Bd6 13. Nxd5 Qg6 14. a3 Bf5 15. f3 Bxh2 16. Rxh2 Qg3+ 17. Ke2 Qxh2 18. e4 Be6 19. Bf4 Qg1 20. Be3 Qh2 21. Nc7+ Qxc7 22. d5 0-0-0 23. Qb3 Kb8 24. dxe6 fxe6 25. Kf2 h3 26. gxh3 Ka8 27. Rc1 Qh2+ 28. Bg2 Rc8 29. Qxe6 Rhf8 30. b4 g5 31. b5 Nb8 32. Rxc8 Rxc8 33. Qxc8 Qe5 34. Qc5 Qb2+ 35. Kg3 b6 36. Qd5+ Nc6 37. Qxc6+ Kb8 38. Bxg5 Qe5+ 39. Bf4 Qxf4+ 40. Kxf4 a5 41. bxa6 b5 42. Qb7# 1-0

[Event "Titled Tuesday intern op 18th Jul Early"]
[Site "Chess.com INT"]
[Date "2023.07.18"]
[Round "3"]
[White "Szyszylo, Rafal"]
[Black "Chen, Justin"]
[Result "0-1"]
[WhiteElo "2074"]
[BlackElo "2375"]
[PlyCount "148"]
[EventDate "2023.07.18"]
[EventType "swiss (blitz)"]
[EventRounds "11"]
[EventCountry "USA"]
[SourceTitle "EXT 2024"]
[Source "ChessBase"]
[SourceDate "2023.10.10"]
[SourceVersion "1"]
[SourceVersionDate "2023.10.10"]
[SourceQuality "1"]

1. e4 e6 2. d4 d5 3. e5 c5 4. c3 Nc6 5. Nf3 Bd7 6. Bd3 cxd4 7. cxd4 Qb6 8. Be3 Qxb2 9. Nbd2 Nb4 10. Nb3 Qc3+ 11. Ke2 Nxd3 12. Qxd3 Qxd3+ 13. Kxd3 Bb5+ 14. Kc3 Ba3 15. Nc5 b6 16. Kb3 Bxc5 17. dxc5 Bc4+ 18. Kc3 b5 19. a4 b4+ 20. Kxb4 Ne7 21. Nd4 Kd7 22. Ka3 Rhb8 23. Rab1 Nc6 24. Nxc6 Kxc6 25. Bd4 Bd3 26. Rb4 Rxb4 27. Kxb4 Rb8+ 28. Kc3 Bc4 29. Ra1 Rb3+ 30. Kc2 Rd3 31. Be3 d4 32. Bd2 Rb3 33. Kc1 Bd3 34. a5 a6 35. f4 Kxc5 36. g4 Kd5 37. h4 Ke4 38. h5 g6 39. hxg6 hxg6 40. g5 Rb8 41. Kd1 Kf3 42. Rc1 Be2+ 43. Ke1 Rh8 44. Bb4 d3 45. Kd2 Rh2 46. Kc3 Kxf4 47. Kd4 Kxg5 48. Bd2+ Kf5 49. Re1 Rf2 50. Ke3 Rf3+ 51. Kd4 Rh3 52. Kc3 Rh4 53. Be3 Kxe5 54. Kd2 Re4 55. Bb6 f5 56. Rg1 Kf6 57. Bd8+ Ke5 58. Rxg6 Bg4 59. Bc7+ Kd5 60. Rg7 Be2 61. Rd7+ Kc6 62. Re7 Ra4 63. Bb6 Kd6 64. Re8 Ra2+ 65. Ke3 Bf1 66. Rd8+ Ke7 67. Rd4 e5 68. Rd5 Ke6 69. Rd8 f4+ 70. Kf3 d2 71. Re8+ Kf7 72. Rd8 Bg2+ 73. Kxg2 d1Q+ 74. Kh3 Qh5# 0-1

[Event "Titled Tuesday intern op 18th Jul Late"]
[Site "Chess.com INT"]
[Date "2023.07.18"]
[Round "8"]
[White "Zhigalko, Sergei"]
[Black "Chen, Justin"]
[Result "1-0"]
[WhiteElo "2572"]
[BlackElo "2375"]
[PlyCount "63"]
[EventDate "2023.07.18"]
[EventType "swiss (blitz)"]
[EventRounds "11"]
[EventCountry "USA"]
[SourceTitle "EXT 2024"]
[Source "ChessBase"]
[SourceDate "2023.10.10"]
[SourceVersion "1"]
[SourceVersionDate "2023.10.10"]
[SourceQuality "1"]

1. e4 e5 2. Nf3 Nf6 3. d4 Nxe4 4. Bd3 d5 5. Nxe5 Nd7 6. Nxd7 Bxd7 7. 0-0 Bd6 8. Nc3 Nxc3 9. bxc3 0-0 10. Qh5 f5 11. Re1 Qf6 12. Qf3 c6 13. Bf4 Rae8 14. h4 g6 15. Qg3 Bxf4 16. Qxf4 Rxe1+ 17. Rxe1 Re8 18. Rxe8+ Bxe8 19. Qb8 Qf7 20. Qxa7 b5 21. Qb8 Kf8 22. h5 Qe7 23. h6 Qe1+ 24. Bf1 Qe6 25. g3 g5 26. Bd3 Ke7 27. Kg2 Bd7 28. Qa7 Kd6 29. Qc5+ Kc7 30. Qf8 Qg6 31. Qg7 Qh5 32. Bxf5 1-0

[Event "Titled Tuesday intern op 27th Jun Early"]
[Site "Chess.com INT"]
[Date "2023.06.27"]
[Round "4"]
[White "Baskakov, Egor"]
[Black "Chen, Justin"]
[Result "1-0"]
[WhiteElo "2215"]
[BlackElo "2333"]
[PlyCount "59"]
[EventDate "2023.06.27"]
[EventType "swiss (blitz)"]
[EventRounds "11"]
[EventCountry "USA"]
[SourceTitle "EXT 2024"]
[Source "ChessBase"]
[SourceDate "2023.10.10"]
[SourceVersion "1"]
[SourceVersionDate "2023.10.10"]
[SourceQuality "1"]

1. e4 e5 2. Nc3 Nf6 3. g3 d5 4. exd5 Nxd5 5. Bg2 Nxc3 6. bxc3 Bc5 7. d3 0-0 8. Ne2 Nc6 9. Rb1 Bb6 10. 0-0 Bf5 11. h3 Qd7 12. g4 Bg6 13. Ng3 Rad8 14. Be3 Rfe8 15. Qd2 f6 16. c4 Nd4 17. Kh1 c6 18. a4 Qc7 19. f4 Kh8 20. f5 Bf7 21. Ne4 c5 22. Qf2 Ba5 23. g5 fxg5 24. Nxg5 b6 25. f6 g6 26. Qh4 h5 27. Be4 Nxc2 28. Nxf7+ Qxf7 29. Bh6 Kh7 30. Qxh5 1-0

[Event "Titled Tuesday intern op 27th Jun Late"]
[Site "Chess.com INT"]
[Date "2023.06.27"]
[Round "6"]
[White "Bornholdt, Joa Max"]
[Black "Chen, Justin"]
[Result "1-0"]
[WhiteElo "2260"]
[BlackElo "2333"]
[PlyCount "47"]
[EventDate "2023.06.27"]
[EventType "swiss (blitz)"]
[EventRounds "11"]
[EventCountry "USA"]
[SourceTitle "EXT 2024"]
[Source "ChessBase"]
[SourceDate "2023.10.10"]
[SourceVersion "1"]
[SourceVersionDate "2023.10.10"]
[SourceQuality "1"]

1. e4 e5 2. Nf3 Nc6 3. Bc4 Bc5 4. 0-0 Nf6 5. d4 Bxd4 6. Nxd4 Nxd4 7. Bg5 h6 8. Bh4 g5 9. f4 gxh4 10. fxe5 Ne6 11. Rxf6 d6 12. Qh5 Qe7 13. Nc3 c6 14. Raf1 Rf8 15. exd6 Qxd6 16. Rxf7 Rxf7 17. Qxf7+ Kd8 18. Rd1 Nd4 19. Qg7 c5 20. Nb5 Nf3+ 21. Kf2 Qxd1 22. Qc7+ Ke8 23. Nd6+ Kf8 24. Qf7# 1-0

[Event "Titled Tuesday intern op 27th Jun Early"]
[Site "Chess.com INT"]
[Date "2023.06.27"]
[Round "8"]
[White "Chen, Justin"]
[Black "Zheenbekov, Nurgazi"]
[Result "1/2-1/2"]
[WhiteElo "2333"]
[BlackElo "2033"]
[PlyCount "96"]
[EventDate "2023.06.27"]
[EventType "swiss (blitz)"]
[EventRounds "11"]
[EventCountry "USA"]
[SourceTitle "EXT 2024"]
[Source "ChessBase"]
[SourceDate "2023.10.10"]
[SourceVersion "1"]
[SourceVersionDate "2023.10.10"]
[SourceQuality "1"]

1. e4 e5 2. Nf3 Nc6 3. Bc4 Nf6 4. d4 exd4 5. 0-0 Be7 6. e5 Ne4 7. Re1 d5 8. exd6 Nxd6 9. Bb3 0-0 10. Nxd4 Nxd4 11. Qxd4 Bf6 12. Qd1 Bf5 13. c3 Re8 14. Bf4 Bg5 15. Rxe8+ Nxe8 16. Qxd8 Bxd8 17. Nd2 c6 18. Nf3 Bc7 19. Bxc7 Nxc7 20. Rd1 Re8 21. Kf1 h6 22. Nd4 Be4 23. f3 Bg6 24. Re1 Kf8 25. Rxe8+ Kxe8 26. Kf2 Ke7 27. Ke3 Kd6 28. h4 Nd5+ 29. Bxd5 Kxd5 30. Ne2 Bb1 31. a3 Kc4 32. Kd2 c5 33. Nf4 Bf5 34. Nh5 g5 35. hxg5 hxg5 36. f4 gxf4 37. Nxf4 Be4 38. g3 Bc6 39. Kc1 a5 40. Kc2 a4 41. Kd2 Be4 42. Ke3 Bf5 43. Kd2 b5 44. Kc1 Kb3 45. Ne2 Bg4 46. Nf4 Bf5 47. Nd5 Be6 48. Nf4 Bf5 1/2-1/2

[Event "Titled Tuesday intern op 13th Jun Early"]
[Site "Chess.com INT"]
[Date "2023.06.13"]
[Round "1"]
[White "Chen, Justin"]
[Black "Bashirli, Saadat"]
[Result "1-0"]
[WhiteElo "2333"]
[BlackElo "1647"]
[PlyCount "81"]
[EventDate "2023.06.13"]
[EventType "swiss (blitz)"]
[EventRounds "11"]
[EventCountry "USA"]
[SourceTitle "EXT 2024"]
[Source "ChessBase"]
[SourceDate "2023.10.10"]
[SourceVersion "1"]
[SourceVersionDate "2023.10.10"]
[SourceQuality "1"]

1. d4 d5 2. c4 e6 3. Nc3 c6 4. e4 dxe4 5. Nxe4 Bb4+ 6. Bd2 Qxd4 7. Bxb4 Qxe4+ 8. Be2 Na6 9. Ba5 b6 10. Bc3 Qxg2 11. Bf3 Qg6 12. Bxc6+ Ke7 13. Bxa8 Nh6 14. Qf3 Bd7 15. Be4 f5 16. Bc2 Rc8 17. 0-0-0 Bc6 18. Qd3 Ng4 19. Nh3 Nc5 20. Qd6+ Kf7 21. Rhg1 Qh6+ 22. Nf4 Nxf2 23. Rxg7+ Qxg7 24. Bxg7 Nxd1 25. Bxd1 Kxg7 26. Qe7+ Kg8 27. Nxe6 Nxe6 28. Qxe6+ Kg7 29. Qxc8 Be4 30. Qc7+ Kg6 31. Qxa7 Kg5 32. Qxb6 Kf4 33. c5 h5 34. c6 h4 35. c7 h3 36. c8Q Bd3 37. Qcc7+ Kg5 38. Qe3+ f4 39. Qcxf4+ Kg6 40. Qe6+ Kg7 41. Qfh6# 1-0

[Event "Titled Tuesday intern op 06th Jun Early"]
[Site "Chess.com INT"]
[Date "2023.06.06"]
[Round "4"]
[White "Chen, Justin"]
[Black "Petrosyan, Manuel"]
[Result "0-1"]
[WhiteElo "2333"]
[BlackElo "2629"]
[PlyCount "66"]
[EventDate "2023.06.06"]
[EventType "swiss (blitz)"]
[EventRounds "11"]
[EventCountry "USA"]
[SourceTitle "EXT 2024"]
[Source "ChessBase"]
[SourceDate "2023.10.10"]
[SourceVersion "1"]
[SourceVersionDate "2023.10.10"]
[SourceQuality "1"]

1. c4 e5 2. d3 Nf6 3. Nf3 Nc6 4. a3 g6 5. b4 Bg7 6. Bb2 d6 7. Nbd2 0-0 8. e3 Re8 9. Be2 a5 10. Qb3 axb4 11. axb4 Rxa1+ 12. Bxa1 e4 13. dxe4 Nxe4 14. Bxg7 Kxg7 15. 0-0 Qf6 16. Rc1 Nxd2 17. Nxd2 Nd4 18. Qd3 Bf5 19. e4 Nxe2+ 20. Qxe2 Qb2 21. Rb1 Qd4 22. Re1 c6 23. Qe3 Qb2 24. Rb1 Qf6 25. Qd3 Be6 26. f3 Qe5 27. Rc1 Ra8 28. Qc3 Ra2 29. Qxe5+ dxe5 30. Nb3 b6 31. Rc3 Ra3 32. Kf2 b5 33. Ke3 bxc4 0-1

[Event "Titled Tuesday intern op 06th Jun Early"]
[Site "Chess.com INT"]
[Date "2023.06.06"]
[Round "5"]
[White "Koridze, Lile"]
[Black "Chen, Justin"]
[Result "0-1"]
[WhiteElo "2140"]
[BlackElo "2333"]
[PlyCount "84"]
[EventDate "2023.06.06"]
[EventType "swiss (blitz)"]
[EventRounds "11"]
[EventCountry "USA"]
[SourceTitle "EXT 2024"]
[Source "ChessBase"]
[SourceDate "2023.10.10"]
[SourceVersion "1"]
[SourceVersionDate "2023.10.10"]
[SourceQuality "1"]

1. d4 Nf6 2. c4 e6 3. Nf3 Bb4+ 4. Bd2 Qe7 5. g3 Nc6 6. Bg2 Bxd2+ 7. Qxd2 Ne4 8. Qc2 Qb4+ 9. Nbd2 Nxd2 10. Qxd2 Qxc4 11. 0-0 Qb4 12. Qg5 0-0 13. Qh4 d6 14. b3 e5 15. e3 exd4 16. exd4 Bd7 17. Rfe1 Rae8 18. Re4 Rxe4 19. Qxe4 Re8 20. Qd3 h6 21. Rc1 Qa3 22. Qc2 Nb4 23. Qd2 Re2 24. Qxe2 Qxc1+ 25. Bf1 Nd5 26. Kg2 Qb1 27. Qc4 Be6 28. Qb5 c6 29. Qxb7 Bh3+ 30. Kxh3 Qxf1+ 31. Kh4 Qxf2 32. Qc8+ Kh7 33. Qf5+ Kh8 34. Qc8+ Kh7 35. Qf5+ Kh8 36. Qxf7 Nf6 37. Qf8+ Kh7 38. Ne5 dxe5 39. Kh3 Qf1+ 40. Kh4 Qg2 41. Qxg7+ Kxg7 42. g4 Qxg4# 0-1

[Event "New York Mem Day 1000 GM IM-B"]
[Site "New York"]
[Date "2023.05.27"]
[Round "4.3"]
[White "Bortnyk, Mykola"]
[Black "Chen, Justin"]
[Result "0-1"]
[WhiteElo "2425"]
[BlackElo "2333"]
[PlyCount "120"]
[EventDate "2023.05.25"]
[EventType "schev"]
[EventRounds "9"]
[EventCountry "USA"]
[SourceTitle "CBM 214 Extra"]
[Source "ChessBase"]
[SourceDate "2023.07.31"]
[SourceVersion "1"]
[SourceVersionDate "2023.07.31"]
[SourceQuality "1"]
[WhiteTeam "Team A"]
[BlackTeam "Team D"]
[WhiteTeamCountry "USA"]
[BlackTeamCountry "USA"]

1. e4 c5 2. Nf3 d6 3. Nc3 Nf6 4. d4 cxd4 5. Qxd4 Nc6 6. Qe3 g6 7. b3 Ng4 8. Qd2 Bh6 9. Qe2 Bg7 10. Bb2 Qa5 11. Qd2 Bh6 12. Qd3 0-0 13. a3 Qb6 14. Qe2 Be6 15. Rd1 Rfc8 16. Nd5 Bxd5 17. Rxd5 Bg7 18. Bxg7 Kxg7 19. Qd2 Nf6 20. Rb5 Qc7 21. Bd3 h6 22. 0-0 a6 23. Rb4 Nxb4 24. Qxb4 b5 25. Qd2 Qc5 26. Qc1 Ra7 27. Re1 Rac7 28. h3 Qc3 29. Qf4 Rc5 30. b4 R5c7 31. e5 dxe5 32. Rxe5 Qxa3 33. g4 Rc4 34. Qe3 Rxb4 35. g5 hxg5 36. Nxg5 Rc7 37. Qg3 Rb1+ 38. Kg2 Qc1 39. Qh2 Rd7 40. Re3 Rxd3 41. cxd3 Qxe3 42. fxe3 Rb2+ 43. Kg1 Rxh2 44. Kxh2 a5 45. Nf3 a4 46. Kg3 b4 47. e4 b3 48. Nd2 e5 49. Kf3 Kh6 50. Ke3 Kg5 51. Nf3+ Kh5 52. Kd2 a3 53. Kc3 a2 54. Kb2 Nd7 55. d4 exd4 56. Nxd4 Nc5 57. e5 Kh4 58. Nf3+ Kg3 59. Ng5 Nd3+ 60. Ka1 Nxe5 0-1

[Event "New York Mem Day 1000 GM IM-B"]
[Site "New York"]
[Date "2023.05.27"]
[Round "5.1"]
[White "Chen, Justin"]
[Black "Ansh, M Shah"]
[Result "1/2-1/2"]
[WhiteElo "2333"]
[BlackElo "2171"]
[PlyCount "51"]
[EventDate "2023.05.25"]
[EventType "schev"]
[EventRounds "9"]
[EventCountry "USA"]
[SourceTitle "CBM 214 Extra"]
[Source "ChessBase"]
[SourceDate "2023.07.31"]
[SourceVersion "1"]
[SourceVersionDate "2023.07.31"]
[SourceQuality "1"]
[WhiteTeam "Team D"]
[BlackTeam "Team B"]
[WhiteTeamCountry "USA"]
[BlackTeamCountry "USA"]

1. Nf3 Nf6 2. c4 e6 3. Nc3 d5 4. d4 c5 5. e3 a6 6. cxd5 Nxd5 7. Bd3 Nxc3 8. bxc3 Be7 9. 0-0 0-0 10. Qc2 g6 11. Rd1 Nd7 12. a4 b6 13. e4 Bb7 14. Bf4 Nf6 15. Qe2 Qc8 16. Re1 Re8 17. Rab1 Nh5 18. Be3 Qc7 19. Qb2 b5 20. axb5 axb5 21. Bxb5 Reb8 22. Qc2 Nf6 23. d5 exd5 24. e5 Nh5 25. Qd2 Ng7 26. Bg5 1/2-1/2

[Event "Titled Tuesday intern op 23rd May Late"]
[Site "Chess.com INT"]
[Date "2023.05.23"]
[Round "4"]
[White "Chen, Justin"]
[Black "Gurevich, Dmitry"]
[Result "0-1"]
[WhiteElo "2333"]
[BlackElo "2393"]
[PlyCount "82"]
[EventDate "2023.05.23"]
[EventType "swiss (blitz)"]
[EventRounds "11"]
[EventCountry "USA"]
[SourceTitle "EXT 2024"]
[Source "ChessBase"]
[SourceDate "2023.10.10"]
[SourceVersion "1"]
[SourceVersionDate "2023.10.10"]
[SourceQuality "1"]

1. d4 Nf6 2. Nf3 e6 3. Bf4 b6 4. g3 Bb7 5. Bg2 Be7 6. 0-0 0-0 7. c4 c5 8. Nc3 cxd4 9. Qxd4 d6 10. Qd2 h6 11. Rfd1 e5 12. Be3 Nbd7 13. Rac1 a6 14. Ne1 Bxg2 15. Nxg2 Rb8 16. Qd3 Re8 17. b3 Bf8 18. Rc2 Qc8 19. Rcd2 Qb7 20. a4 Nc5 21. Qb1 Nce4 22. Nxe4 Nxe4 23. Rd3 Nc5 24. Bxc5 bxc5 25. Ne3 e4 26. Rc3 g6 27. Nd5 Bg7 28. Re3 f5 29. g4 Kf7 30. gxf5 gxf5 31. Rg3 Be5 32. f4 Bh8 33. Kh1 Rg8 34. Rdg1 Bd4 35. Rxg8 Rxg8 36. Rxg8 Kxg8 37. e3 Bg7 38. Qd1 Qf7 39. Qe2 Kh7 40. Kg2 Bh8 41. Kf1 Qg7 0-1

[Event "Titled Tuesday intern op 14th Mar Early"]
[Site "Chess.com INT"]
[Date "2023.03.14"]
[Round "9"]
[White "Albornoz Cabrera, Carlos Daniel"]
[Black "Chen, Justin"]
[Result "0-1"]
[WhiteElo "2583"]
[BlackElo "2333"]
[PlyCount "130"]
[EventDate "2023.03.14"]
[EventType "swiss (blitz)"]
[EventRounds "11"]
[EventCountry "USA"]
[SourceTitle "EXT 2024"]
[Source "ChessBase"]
[SourceDate "2023.10.10"]
[SourceVersion "1"]
[SourceVersionDate "2023.10.10"]
[SourceQuality "1"]

1. d4 Nf6 2. c4 e6 3. Nf3 d5 4. Nc3 Be7 5. Bg5 h6 6. Bh4 0-0 7. e3 b6 8. Qc2 c5 9. Bxf6 Bxf6 10. cxd5 cxd4 11. exd4 exd5 12. Be2 Nc6 13. Rd1 Bg4 14. Qa4 Rc8 15. 0-0 Re8 16. Bb5 Bxf3 17. Bxc6 Bxd1 18. Rxd1 Re7 19. g3 Qd6 20. Bb5 Rec7 21. Bf1 Rd8 22. Qb3 Re7 23. Bb5 g6 24. h4 Kg7 25. Kg2 h5 26. Be2 Rh8 27. Bf3 g5 28. hxg5 Bxg5 29. Nxd5 Re6 30. Nc3 h4 31. Ne4 Qe7 32. Qd3 hxg3 33. fxg3 Reh6 34. Kg1 f5 35. Nxg5 Qxg5 36. Bg2 Rg6 37. Kf2 f4 38. Re1 fxg3+ 39. Kg1 Rf8 40. d5 Rgf6 41. Qd4 Qf4 42. Qxf4 Rxf4 43. d6 Rd8 44. Rd1 Rf7 45. d7 Rfxd7 46. Rf1 Rd1 47. Bf3 Rxf1+ 48. Kxf1 Rd2 49. b4 Rf2+ 50. Kg1 Rxf3 51. b5 Ra3 52. Kf1 Kf6 53. Kg2 Ke5 54. Kh3 Kd5 55. Kg2 Kc5 56. Kh3 Kxb5 57. Kg2 Rxa2+ 58. Kh3 Ra3 59. Kg2 Re3 60. Kh3 Kc4 61. Kg2 Kd4 62. Kh1 Ke4 63. Kg2 Kf4 64. Kh1 Kf3 65. Kg1 Re1# 0-1

[Event "Titled Tuesday intern op 14th Mar Early"]
[Site "Chess.com INT"]
[Date "2023.03.14"]
[Round "7"]
[White "Chen, Justin"]
[Black "Kopczynski, Michal"]
[Result "1-0"]
[WhiteElo "2333"]
[BlackElo "2225"]
[PlyCount "75"]
[EventDate "2023.03.14"]
[EventType "swiss (blitz)"]
[EventRounds "11"]
[EventCountry "USA"]
[SourceTitle "EXT 2024"]
[Source "ChessBase"]
[SourceDate "2023.10.10"]
[SourceVersion "1"]
[SourceVersionDate "2023.10.10"]
[SourceQuality "1"]

1. d4 Nf6 2. c4 g6 3. Nc3 Bg7 4. g3 d6 5. Bg2 0-0 6. Nf3 Nfd7 7. 0-0 Nc6 8. b3 e5 9. dxe5 Ndxe5 10. Bb2 Nxf3+ 11. Bxf3 Bh3 12. Re1 Qd7 13. Qd2 Rae8 14. Nd5 Ne5 15. Bh1 Qg4 16. Nxc7 Rd8 17. Nd5 h5 18. f4 Nd7 19. Bf3 Qe6 20. Bxg7 Kxg7 21. Rad1 Nc5 22. Qd4+ f6 23. b4 Na6 24. Qxa7 Rf7 25. Qd4 h4 26. Kf2 Nb8 27. Qe3 Qc8 28. Rg1 Re8 29. Qc3 hxg3+ 30. Rxg3 Rh8 31. Rdg1 Bf5 32. R1g2 Qe6 33. Qd4 Nc6 34. Qe3 Qd7 35. Qd2 Rh4 36. e4 Be6 37. Rxg6+ Kf8 38. Rg8# 1-0

[Event "Titled Tuesday intern op 14th Mar Early"]
[Site "Chess.com INT"]
[Date "2023.03.14"]
[Round "1"]
[White "Chen, Justin"]
[Black "Sovetbekova, Nurai"]
[Result "1-0"]
[WhiteElo "2333"]
[BlackElo "1764"]
[PlyCount "73"]
[EventDate "2023.03.14"]
[EventType "swiss (blitz)"]
[EventRounds "11"]
[EventCountry "USA"]
[SourceTitle "EXT 2024"]
[Source "ChessBase"]
[SourceDate "2023.10.10"]
[SourceVersion "1"]
[SourceVersionDate "2023.10.10"]
[SourceQuality "1"]

1. Nf3 Nf6 2. c4 g6 3. Nc3 Bg7 4. g3 0-0 5. Bg2 c5 6. d4 Nc6 7. d5 Na5 8. Nd2 d6 9. Qc2 e6 10. 0-0 exd5 11. cxd5 b6 12. Re1 Ng4 13. h3 Ne5 14. f4 Nec4 15. Nf3 Bd4+ 16. e3 Bf5 17. Qf2 Bxc3 18. bxc3 Re8 19. Ng5 h6 20. e4 hxg5 21. exf5 gxf4 22. fxg6 Qf6 23. gxf7+ Qxf7 24. Bxf4 Ne5 25. Rad1 Nac4 26. Re4 b5 27. Qe2 Ng6 28. Qg4 Kh7 29. Re6 Nce5 30. Bxe5 dxe5 31. Be4 Rg8 32. Rf1 Qg7 33. Rff6 Kh8 34. Rxg6 Qh7 35. Rxg8+ Rxg8 36. Bxh7 Rxg4 37. hxg4 1-0

[Event "Titled Tuesday intern op 14th Mar Early"]
[Site "Chess.com INT"]
[Date "2023.03.14"]
[Round "3"]
[White "Kraus, Tomas"]
[Black "Chen, Justin"]
[Result "0-1"]
[WhiteElo "2486"]
[BlackElo "2333"]
[PlyCount "60"]
[EventDate "2023.03.14"]
[EventType "swiss (blitz)"]
[EventRounds "11"]
[EventCountry "USA"]
[SourceTitle "EXT 2024"]
[Source "ChessBase"]
[SourceDate "2023.10.10"]
[SourceVersion "1"]
[SourceVersionDate "2023.10.10"]
[SourceQuality "1"]

1. e4 c5 2. Nc3 Nc6 3. f4 g6 4. Nf3 Bg7 5. g3 e6 6. d3 Nge7 7. Bg2 0-0 8. 0-0 Rb8 9. Be3 Nd4 10. e5 d5 11. Nxd4 cxd4 12. Bxd4 Qa5 13. a3 Bd7 14. g4 Nc6 15. Bf2 g5 16. d4 gxf4 17. Kh1 f6 18. b4 Qb6 19. Na4 Qc7 20. exf6 Rxf6 21. Nc5 Rbf8 22. Qf3 Be8 23. c3 b6 24. Nd3 Bg6 25. Rac1 Be4 26. Qd1 f3 27. Bh3 Rh6 28. Bg3 f2+ 29. Bg2 Qxg3 30. Bxe4 Rxh2# 0-1